<?xml version="1.0" encoding="UTF-8"?>
<record
    xmlns:xsi="http://www.w3.org/2001/XMLSchema-instance"
    xsi:schemaLocation="http://www.loc.gov/MARC21/slim http://www.loc.gov/standards/marcxml/schema/MARC21slim.xsd"
    xmlns="http://www.loc.gov/MARC21/slim">

  <leader>01194nam a2200349 a 4500</leader>
  <datafield tag="999" ind1=" " ind2=" ">
    <subfield code="c">23261</subfield>
    <subfield code="d">23261</subfield>
  </datafield>
  <controlfield tag="001">vtls008695809</controlfield>
  <controlfield tag="005">20220615113402.0</controlfield>
  <controlfield tag="008">060426s2006    xr a     f    000 0 cze c</controlfield>
  <datafield tag="020" ind1=" " ind2=" ">
    <subfield code="a">802471387X (bro&#x17E;.)</subfield>
  </datafield>
  <datafield tag="040" ind1=" " ind2=" ">
    <subfield code="a">SVKPO</subfield>
    <subfield code="b">slo</subfield>
    <subfield code="c">SVKPO</subfield>
    <subfield code="e">AACR2</subfield>
  </datafield>
  <datafield tag="041" ind1="1" ind2=" ">
    <subfield code="a">cze</subfield>
    <subfield code="h">eng</subfield>
  </datafield>
  <datafield tag="044" ind1=" " ind2=" ">
    <subfield code="a">xr</subfield>
    <subfield code="c">CZ</subfield>
  </datafield>
  <datafield tag="072" ind1=" " ind2="7">
    <subfield code="a">005</subfield>
    <subfield code="x">Mana&#x17E;ment. Riadenie</subfield>
    <subfield code="2">konspekt</subfield>
  </datafield>
  <datafield tag="080" ind1=" " ind2=" ">
    <subfield code="a">005</subfield>
    <subfield code="2">MDT-MRF</subfield>
  </datafield>
  <datafield tag="080" ind1=" " ind2=" ">
    <subfield code="a">316.46/.47</subfield>
    <subfield code="2">MDT-MRF</subfield>
  </datafield>
  <datafield tag="080" ind1=" " ind2=" ">
    <subfield code="a">331.101.3</subfield>
    <subfield code="2">MDT-MRF</subfield>
  </datafield>
  <datafield tag="080" ind1=" " ind2=" ">
    <subfield code="a">(0.062)</subfield>
    <subfield code="2">MDT-MRF</subfield>
  </datafield>
  <datafield tag="100" ind1="1" ind2=" ">
    <subfield code="a">Templar, Richard</subfield>
    <subfield code="9">799</subfield>
  </datafield>
  <datafield tag="245" ind1="1" ind2="0">
    <subfield code="a">100 zlat&#xFD;ch pravidel &#xFA;sp&#x11B;&#x161;n&#xE9;ho mana&#x17E;era</subfield>
    <subfield code="c">Richard Templar ; [z anglick&#xE9;ho origin&#xE1;lu p&#x159;elo&#x17E;ili Milina Kraj&#x10D;ovi&#x10D;ov&#xE1;, Daniel Helekal]</subfield>
  </datafield>
  <datafield tag="246" ind1="0" ind2=" ">
    <subfield code="a">Rules of management</subfield>
  </datafield>
  <datafield tag="246" ind1="3" ind2=" ">
    <subfield code="a">&#x160;tyri ro&#x10D;n&#xE9; obdobia</subfield>
  </datafield>
  <datafield tag="250" ind1=" " ind2=" ">
    <subfield code="a">1. vyd.</subfield>
  </datafield>
  <datafield tag="260" ind1=" " ind2=" ">
    <subfield code="a">Praha</subfield>
    <subfield code="b">Grada</subfield>
    <subfield code="c">2006</subfield>
  </datafield>
  <datafield tag="300" ind1=" " ind2=" ">
    <subfield code="a">230 s.</subfield>
    <subfield code="b">ilistr.</subfield>
    <subfield code="c">21 cm</subfield>
  </datafield>
  <datafield tag="650" ind1="0" ind2="7">
    <subfield code="a">mana&#x17E;ment</subfield>
    <subfield code="2">snkph</subfield>
    <subfield code="9">3083</subfield>
  </datafield>
  <datafield tag="650" ind1="0" ind2="7">
    <subfield code="a">riadiaca pr&#xE1;ca</subfield>
    <subfield code="2">snkph</subfield>
    <subfield code="9">3141</subfield>
  </datafield>
  <datafield tag="650" ind1="0" ind2="7">
    <subfield code="a">profesn&#xFD; &#xFA;spech</subfield>
    <subfield code="2">snkph</subfield>
    <subfield code="9">3142</subfield>
  </datafield>
  <datafield tag="655" ind1=" " ind2="7">
    <subfield code="a">popul&#xE1;rno-n&#xE1;u&#x10D;n&#xE9; publik&#xE1;cie</subfield>
    <subfield code="2">snkph</subfield>
    <subfield code="9">1486</subfield>
  </datafield>
  <datafield tag="700" ind1="1" ind2=" ">
    <subfield code="a">Kraj&#x10D;ovi&#x10D;ov&#xE1;, Milina</subfield>
    <subfield code="4">trl</subfield>
    <subfield code="9">3143</subfield>
  </datafield>
  <datafield tag="700" ind1="1" ind2=" ">
    <subfield code="a">Helekal, Daniel</subfield>
    <subfield code="4">trl</subfield>
    <subfield code="9">3144</subfield>
  </datafield>
  <datafield tag="765" ind1="1" ind2=" ">
    <subfield code="t">Rules of management . &#x10C;esky</subfield>
    <subfield code="a">Templar, Richard</subfield>
  </datafield>
  <datafield tag="952" ind1=" " ind2=" ">
    <subfield code="0">0</subfield>
    <subfield code="1">0</subfield>
    <subfield code="2">udc</subfield>
    <subfield code="4">0</subfield>
    <subfield code="7">0</subfield>
    <subfield code="8">D</subfield>
    <subfield code="a">10000</subfield>
    <subfield code="b">10000</subfield>
    <subfield code="d">2022-06-15</subfield>
    <subfield code="i">21594</subfield>
    <subfield code="o">S1521</subfield>
    <subfield code="p">S1521</subfield>
    <subfield code="r">2022-06-15</subfield>
    <subfield code="w">2022-06-15</subfield>
    <subfield code="y">OLDO</subfield>
  </datafield>
</record>
